000 00288nam a22001337a 4500
008 170505b xxu||||| |||| 00| 0 eng d
020 _a9780534519322
041 _aeng
080 _a34
100 _a14
101 _aSHJ
245 _aJUVENILE DELINQUE
_cSIEGEL.L.J
942 _2udc
_cBK
999 _c12738
_d12738